Library Banner

My enemy, my self/ (Record no. 99268)

MARC details
000 -LEADER
fixed length control field 00398nam a22001577a 4500
005 - DATE AND TIME OF LATEST TRANSACTION
control field 20171018114126.0
008 - FIXED-LENGTH DATA ELEMENTS--GENERAL INFORMATION
fixed length control field 171018b xxu||||| |||| 00| 0 eng d
020 ## - INTERNATIONAL STANDARD BOOK NUMBER
International Standard Book Number 0140129855
040 ## - CATALOGING SOURCE
Transcribing agency PK-LaUMT
082 ## - DEWEY DECIMAL CLASSIFICATION NUMBER
Classification number PKAC 306.0899274
Item number BIN-M
100 ## - MAIN ENTRY--PERSONAL NAME
Personal name Binur , Yoram
245 ## - TITLE STATEMENT
Title My enemy, my self/
Statement of responsibility, etc Yoram Binur
260 ## - PUBLICATION, DISTRIBUTION, ETC. (IMPRINT)
Place of publication, distribution, etc New York:
Name of publisher, distributor, etc Penguin books,
Date of publication, distribution, etc 1989
300 ## - PHYSICAL DESCRIPTION
Extent 215 p.
942 ## - ADDED ENTRY ELEMENTS (KOHA)
Koha item type Books
Holdings
Withdrawn status Lost status Damaged status Home library Current library Date acquired Full call number Barcode Date last seen Price effective from Koha item type
      UMT Main Campus UMT Main Campus 2017-10-18 PKAC 306.0899274 BIN-M 115073 2017-10-18 2017-10-18 Books